[Event "5th Essent op"]
[Site "Hoogeveen NED"]
[Date "2001.10.20"]
[Round "9.11"]
[White "Van Doeland, Julius"]
[Black "Hernandez, Gustavo2"]
[Result "1-0"]
[WhiteElo "2292"]
[BlackElo "2265"]
[EventDate "2001.10.12"]
[PlyCount "149"]

1.c4 Nf6 2.Nc3 g6 3.e4 c5 4.Nf3 d6 5.d4 cxd4 6.Nxd4 Nc6 7.Be2 Bg7 8.Be3 
O-O 9.O-O Bd7 10.Rc1 Nxd4 11.Bxd4 Bc6 12.Qd3 a5 13.b3 Nd7 14.Bxg7 Kxg7 15.
Rfe1 Nc5 16.Qe3 e5 17.f4 exf4 18.Qxf4 Qf6 19.Qxf6+ Kxf6 20.Rcd1 Rad8 21.
Bd3 Rfe8 22.Bc2 Ke6 23.Rd2 Kd7 24.e5 Kc7 25.Rf1 Re7 26.Nd5+ Bxd5 27.Rxd5 
Rxe5 28.Rxf7+ Rd7 29.Rxd7+ Kxd7 30.Rxe5 dxe5 31.Kf2 Ke6 32.Ke3 b6 33.h4 
Na6 34.Be4 Nc5 35.Bb1 Kf6 36.g3 h5 37.Bc2 Kf7 38.Bd1 Kf6 39.Bc2 Kf7 40.Kd2
Kf6 41.Kc3 Na6 42.a3 g5 43.b4 gxh4 44.gxh4 axb4+ 45.axb4 Nc7 46.Bd1 Kg6 
47.Bf3 Ne6 48.Kd3 Kf5 49.Ke3 Nd4 50.Bd1 Nc6 51.b5 Na5 52.Be2 Kf6 53.Ke4 
Ke6 54.c5 bxc5 55.Bxh5 Nb7 56.Bg4+ Ke7 57.Kd5 c4 58.b6 c3 59.Bf5 Nd6 60.
Bc2 e4 61.Kd4 Kd7 62.h5 Kc6 63.Kxc3 Kxb6 64.Kd4 Kc7 65.Ke5 Kd7 66.Kf6 Ne8+
67.Kf7 Nd6+ 68.Kg6 Ke7 69.h6 Nf7 70.h7 Nh8+ 71.Kg7 e3 72.Bd3 e2 73.Bxe2 
Nf7 74.Bh5 Nh8 75.Kxh8 1-0

[Event "5th Essent op"]
[Site "Hoogeveen NED"]
[Date "2001.10.20"]
[Round "9.12"]
[White "Magomedov, Magaram"]
[Black "Jens, Jelmer"]
[Result "1-0"]
[WhiteElo "2608"]
[BlackElo "2318"]
[EventDate "2001.10.12"]
[PlyCount "59"]

1.Nf3 Nf6 2.g3 g6 3.Bg2 Bg7 4.O-O O-O 5.d3 d6 6.c4 e5 7.Nc3 Nc6 8.Rb1 a5 
9.a3 h6 10.b4 axb4 11.axb4 Be6 12.b5 Ne7 13.Bb2 Qd7 14.Re1 Bh3 15.Bh1 Ng4 
16.d4 exd4 17.Nxd4 Ne5 18.Qb3 Rab8 19.Rbd1 b6 20.f4 Ng4 21.e4 Rbe8 22.Nd5 
Kh8 23.Bc3 f5 24.Nxc7 Rc8 25.Nce6 Rf6 26.Nxg7 Kxg7 27.e5 dxe5 28.fxe5 Rff8
29.e6 Qc7 30.Nc6+ 1-0

[Event "5th Essent op"]
[Site "Hoogeveen NED"]
[Date "2001.10.20"]
[Round "9.14"]
[White "Jonkman, Harmen"]
[Black "Goloshchapov, Alexander"]
[Result "1/2-1/2"]
[WhiteElo "2491"]
[BlackElo "2550"]
[EventDate "2001.10.12"]
[PlyCount "38"]

1.e4 e6 2.d4 d5 3.e5 c5 4.c3 Nc6 5.Nf3 Bd7 6.Be2 Nge7 7.O-O Ng6 8.g3 f6 9.
Bd3 cxd4 10.cxd4 Nb4 11.exf6 gxf6 12.Be2 Bg7 13.Nc3 O-O 14.Be3 f5 15.Bg5 
Qb6 16.a3 Nc6 17.Na4 Qc7 18.Rc1 f4 19.Nc5 Bc8 1/2-1/2

[Event "5th Essent op"]
[Site "Hoogeveen NED"]
[Date "2001.10.20"]
[Round "9.18"]
[White "Berelowitsch, Alexander"]
[Black "Dvoirys, Semen I"]
[Result "1/2-1/2"]
[WhiteElo "2512"]
[BlackElo "2582"]
[EventDate "2001.10.12"]
[PlyCount "160"]

1.e4 c5 2.Nf3 d6 3.d4 cxd4 4.Nxd4 Nf6 5.Nc3 a6 6.Bg5 e6 7.f4 Nbd7 8.Qf3 
Qc7 9.O-O-O b5 10.Bd3 Bb7 11.Rhe1 Be7 12.Qg3 b4 13.Nd5 exd5 14.e5 dxe5 15.
fxe5 Nh5 16.Qf4 Bxg5 17.Qxg5 g6 18.e6 Nc5 19.exf7+ Kxf7 20.Rf1+ Kg8 21.Nf5
Rf8 22.Ne7+ Kg7 23.Bxg6 Ne6 24.Nf5+ Rxf5 25.Qxf5 Nhf4 26.Bh5 Rf8 27.Qg4+ 
Kh8 28.g3 Rc8 29.Rf2 Qc5 30.Rfd2 Nxh5 31.Qxe6 Ng7 32.Qg4 Rf8 33.Kb1 a5 34.
Re1 Nf5 35.Qg5 Ne7 36.Rde2 Ng6 37.h4 Ba6 38.Rd2 Qe7 39.Qxe7 Nxe7 40.a3 Rf7
41.axb4 axb4 42.b3 Bc8 43.Rde2 Ng8 44.Re5 Bb7 45.Rd1 Nf6 46.Rd4 Ne4 47.
Rxb4 Kg7 48.g4 Nd2+ 49.Kb2 Nf3 50.Rf5 Rxf5 51.gxf5 Bc8 52.f6+ Kf7 53.Rb8 
Bf5 54.b4 d4 55.b5 d3 56.cxd3 Bxd3 57.b6 Be4 58.b7 Bxb7 59.Rxb7+ Kxf6 60.
Rb6+ Kf5 61.Rh6 Kg4 62.h5 Ng5 63.Kc3 Ne4+ 64.Kd3 Ng3 65.Rg6+ Kh4 66.h6 Nf5
67.Ke4 Kh5 68.Rg1 Nxh6 69.Kf4 Nf7 70.Rg7 Nh6 71.Rg5+ Kh4 72.Rg1 Kh5 73.Rg7
Kh4 74.Rxh7 Kh5 75.Rg7 Kh4 76.Rg1 Kh5 77.Rg5+ Kh4 78.Ra5 Nf7 79.Ra1 Kh5 
80.Kf5 Nh6+ 1/2-1/2

[Event "5th Essent op"]
[Site "Hoogeveen NED"]
[Date "2001.10.20"]
[Round "9.20"]
[White "Koster, Ramon H"]
[Black "Peng, Zhaoqin"]
[Result "0-1"]
[WhiteElo "2285"]
[BlackElo "2443"]
[EventDate "2001.10.12"]
[PlyCount "90"]

1.c4 e5 2.g3 Nc6 3.Bg2 g6 4.Nc3 Bg7 5.Nf3 Nge7 6.O-O O-O 7.d3 d6 8.Rb1 f5 
9.Nd2 a5 10.a3 Be6 11.Nd5 Qd7 12.b4 axb4 13.axb4 Nc8 14.b5 Nd8 15.Qb3 Bf7 
16.Bb2 Ne6 17.Ra1 Rb8 18.Ra2 g5 19.f4 Bh5 20.Nf3 gxf4 21.gxf4 Nc5 22.Qc2 
c6 23.Nb4 e4 24.dxe4 fxe4 25.Ng5 Bg6 26.Bxg7 Qxg7 27.Ra3 h6 28.Nh3 Ne7 29.
Qd2 Nf5 30.Nc2 cxb5 31.cxb5 Kh7 32.Ne3 Rg8 33.Nxf5 Bxf5 34.Rg3 Qd7 35.Nf2 
Qe6 36.Nd1 Rxg3 37.hxg3 Rg8 38.Kf2 Qg6 39.Qc3 Nd3+ 40.exd3 Qxg3+ 41.Ke2 
Qxg2+ 42.Rf2 Qg1 43.Qe1 exd3+ 44.Kd2 Qg7 45.Nc3 Rc8 0-1

[Event "5th Essent op"]
[Site "Hoogeveen NED"]
[Date "2001.10.20"]
[Round "9.22"]
[White "Plasman, Hans"]
[Black "Veneman, Henry J"]
[Result "1-0"]
[WhiteElo "2217"]
[BlackElo "2185"]
[EventDate "2001.10.12"]
[PlyCount "67"]

1.e4 c5 2.d4 cxd4 3.c3 dxc3 4.Nxc3 a6 5.Nf3 e6 6.Bc4 b5 7.Bb3 Bb7 8.Qe2 d6
9.O-O Nf6 10.e5 dxe5 11.Nxe5 Qc8 12.Bg5 Nc6 13.Rfd1 Nxe5 14.Qxe5 Be7 15.
Rac1 Qb8 16.Bxf6 Bxf6 17.Qc5 Qc8 18.Qb4 Qb8 19.Nxb5 axb5 20.Qxb5+ Kf8 21.
Rd7 Bc8 22.Qc5+ Kg8 23.Rc7 Ba6 24.Bd5 exd5 25.Qxd5 Qf8 26.Rxf7 Qxf7 27.
Qxa8+ Qf8 28.Qxa6 h6 29.Rc8 Bd8 30.Qc4+ Kh7 31.Qd3+ g6 32.Qd7+ Qe7 33.Rxd8
Re8 34.Qxe7+ 1-0

[Event "5th Essent op"]
[Site "Hoogeveen NED"]
[Date "2001.10.20"]
[Round "9.23"]
[White "Archangelsky, Mikhail"]
[Black "Naes, Flovin Tor"]
[Result "0-1"]
[WhiteElo "2395"]
[BlackElo "2223"]
[EventDate "2001.10.12"]
[PlyCount "32"]

1.e4 e5 2.Bc4 Nf6 3.d3 c6 4.Bb3 a5 5.a3 a4 6.Ba2 d5 7.Nf3 Bg4 8.h3 Bh5 9.
exd5 Bc5 10.O-O cxd5 11.g4 Nxg4 12.hxg4 Bxg4 13.Qe1 Bxf3 14.Qxe5+ Kf8 15.
Qf5 Ra6 16.Bg5 Rg6 0-1